000 00413nam a2200157Ia 4500
008 240729s9999 xx 000 0 und d
022 _a2069-7430
245 0 _aPro Ligno
260 _aRomania
260 _bEditura Universitatii Transilvania din Brasov
650 _a Forestry
650 _aAgriculture
856 _uhttps://doaj.org/toc/656edb08402d4114b0dadab6475139cf
942 _2ddc
942 _cDOAJEJ
999 _c67230
_d67230
945 _a1
_bMadushi Gamage
_c1
_dMadushi Gamage